Os menores países do mundo - Statistics

Estatísticas Gerais
  • Esse quiz foi jogado 281 vezes
  • A pontuação média é 10 de 15
Estatísticas das Respostas
Área em Km País % Correto
0,44 km2 Vaticano
99%
2.02 km2 Mônaco
91%
61 km2 San Marino
82%
160 km2 Liechtenstein
77%
21 km2 Nauru
73%
26 km2 Tuvalu
72%
316 km2 Malta
69%
459 km2 Palau
65%
389 km2 São Vicente e Granadinas
65%
181 km2 Ilhas Marshall
64%
261 km2 São Cristóvão e Névis
64%
344 km2 Granada
62%
442 km2 Antígua e Barbuda
56%
455 km2 Seychelles
53%
298 km2 Maldivas
49%
Nenhum quiz correspondente encontrado
Distribuição das Pontuações
Porcentagem de Pessoas com Cada Pontuação
Percentil de Números Respondidos
Sua Pontuação Histórica
Você não jogou esse quiz